Evaluation of pavement friction characteristics / (Record no. 529741)
[ view plain ]
| 000 -LEADER | |
|---|---|
| fixed length control field | 01399cam a2200349 a 4500 |
| 001 - CONTROL NUMBER | |
| control field | 12472401 |
| 003 - CONTROL NUMBER IDENTIFIER | |
| control field | NUST |
| 005 - DATE AND TIME OF LATEST TRANSACTION | |
| control field | 20191002130759.0 |
| 008 - FIXED-LENGTH DATA ELEMENTS--GENERAL INFORMATION | |
| fixed length control field | 010716s2000 dcua bt 000 0 eng d |
| 010 ## - LIBRARY OF CONGRESS CONTROL NUMBER | |
| LC control number | 00135388 |
| 020 ## - INTERNATIONAL STANDARD BOOK NUMBER | |
| International Standard Book Number | 0309068746 |
| 035 ## - SYSTEM CONTROL NUMBER | |
| System control number | (OCoLC)ocm45707813 |
| 038 ## - RECORD CONTENT LICENSOR | |
| Staff Name | MSOHAIL |
| 040 ## - CATALOGING SOURCE | |
| Original cataloging agency | TRL |
| Transcribing agency | TRL |
| Modifying agency | DAY |
| -- | DLC |
| 042 ## - AUTHENTICATION CODE | |
| Authentication code | lccopycat |
| 050 00 - LIBRARY OF CONGRESS CALL NUMBER | |
| Classification number | TE251.5 |
| Item number | .E84 2000 |
| 082 ## - DEWEY DECIMAL CLASSIFICATION NUMBER | |
| Classification number | 0 |
| 245 00 - TITLE STATEMENT | |
| Title | Evaluation of pavement friction characteristics / |
| Statement of responsibility, etc. | consultant, John J. Henry. |
| 260 ## - PUBLICATION, DISTRIBUTION, ETC. | |
| Place of publication, distribution, etc. | Washington, D.C. : |
| Name of publisher, distributor, etc. | National Academy Press, |
| Date of publication, distribution, etc. | 2000. |
| 300 ## - PHYSICAL DESCRIPTION | |
| Extent | 66 p. : |
| Other physical details | ill. ; |
| Dimensions | 28 cm. |
| 440 #2 - SERIES STATEMENT/ADDED ENTRY--TITLE | |
| Title | A synthesis of highway practice, |
| International Standard Serial Number | 0547-5570 ; |
| Volume/sequential designation | 291 |
| 9 (RLIN) | 22420 |
| 500 ## - GENERAL NOTE | |
| General note | At head of title: National Cooperative Highway Research Program. |
| 500 ## - GENERAL NOTE | |
| General note | "Transportation Research Board, National Research Council." |
| 500 ## - GENERAL NOTE | |
| General note | "Research sponsored by the American Association of State Highway and Transportation Officials in cooperation with the Federal Highway Administration." |
| 504 ## - BIBLIOGRAPHY, ETC. NOTE | |
| Bibliography, etc. note | Includes bibliographical references (p. 33-35). |
| 650 #0 - SUBJECT ADDED ENTRY--TOPICAL TERM | |
| Topical term or geographic name entry element | Pavements |
| General subdivision | Performance. |
| 9 (RLIN) | 22394 |
| 650 #0 - SUBJECT ADDED ENTRY--TOPICAL TERM | |
| Topical term or geographic name entry element | Pavements |
| General subdivision | Skid resistance |
| -- | Research. |
| 9 (RLIN) | 22421 |
| 700 1# - ADDED ENTRY--PERSONAL NAME | |
| Personal name | Henry, John J. |
| Fuller form of name | (John Jewett), |
| Dates associated with a name | 1938- |
| 9 (RLIN) | 22422 |
| 906 ## - LOCAL DATA ELEMENT F, LDF (RLIN) | |
| a | 7 |
| b | cbc |
| c | copycat |
| d | 2 |
| e | ncip |
| f | 20 |
| g | y-gencatlg |
| 942 ## - ADDED ENTRY ELEMENTS (KOHA) | |
| Source of classification or shelving scheme | |
| Koha item type | Book |
| Withdrawn status | Lost status | Source of classification or shelving scheme | Damaged status | Not for loan | Permanent Location | Current Location | Date acquired | Total Checkouts | Barcode | Date last seen | Price effective from | Koha item type |
|---|---|---|---|---|---|---|---|---|---|---|---|---|
| School of Civil and Environmental Engineering (SCEE) | School of Civil and Environmental Engineering (SCEE) | 10/02/2019 | NIT-11102 | 10/02/2019 | 10/02/2019 | Book |
